[Event "Sarajevo-ch 2019"]
[Site "Sarajevo"]
[Date "2019.03.12"]
[Round "1.1"]
[White "Sutkovic, Damir"]
[Black "Kurtcehajic, Suad"]
[Result "1-0"]
[WhiteElo "2346"]
[BlackElo "1982"]
[Annotator "TA"]
[PlyCount "119"]
[EventDate "2019.03.12"]
[EventType "tourn"]
[EventCountry "BIH"]
[SourceTitle "playchess.com"]
[Source "ChessBase"]
[SourceQuality "1"]

{[%evp 27,119,18,2,0,0,-10,14,0,12,0,20,24,17,6,6,0,40,0,37,37,37,37,43,39,48,49,52,17,42,35,80,80,80,73,139,145,135,139,145,135,154,31,133,67,80,75,224,223,214,207,213,209,210,205,197,185,244,242,238,208,240,234,243,204,339,343,304,272,277,272,325,341,335,281,397,360,1570,1368,5695,5868,5214,5210,3193,1806,29970,29973,29976,29977,29977,29977,29979,29980,29979,29980]} 1. d4 d5 2. c4 e6 3. cxd5 exd5 4. Nc3 Nf6 5. Bg5 Be7 6. e3 O-O 7. Bd3 c6 8. Qc2 h6 9. Bh4 Re8 10. Nge2 Nbd7 11. O-O Ne4 12. Bxe7 Qxe7 13. Bxe4 dxe4 14. Ng3 Nf6 15. Rae1 {D36: Queen's Gambit Declined: Exchange Variation: Main line (5 Bg5 c6 6 Qc2)} (15. h3 h5 16. f3 exf3 17. Rxf3 h4 18. Nf5 Bxf5 19. Qxf5 Rad8 20. Raf1 {½-½ (20) Monacell,J (2470)-Szczepanski,Z (2561) LSS email 2009}) 15... Be6 16. b3 Bd5 17. Rc1 $146 {The position is equal.} ({Predecessor:} 17. f3 Rac8 18. Qf2 Rc7 19. Nf5 Qd8 20. Qg3 Nh5 21. Qg4 Qg5 22. Qxg5 hxg5 {1-0 (34) Real de Azua,E (2459)-Quenallata,L (2217) Buenos Aires 2011}) 17... Rad8 18. Rfd1 Ng4 19. h3 Nf6 20. Na4 Nd7 21. Nc3 g6 22. Nge2 Nf8 23. Nf4 Ne6 24. Ncxd5 cxd5 25. Nxe6 Qxe6 26. Qc7 Rd7 27. Qf4 Kg7 28. Rd2 Ree7 29. Qb8 a6 30. Rc8 Qd6 (30... Kf6 $142) 31. Rg8+ $1 $16 Kf6 32. Qf8 $36 {[%mdl 2048] White is in control.} Rc7 {( -> ...Rc1+)} 33. Rd1 h5 34. Rf1 (34. Qh6 $1 $16) 34... Rc6 (34... Ke6 $14) 35. f3 (35. Qh6 $16) 35... exf3 $1 $14 36. Rxf3+ Ke6 {[#]} (36... Kg5 $16) 37. Rxf7 $1 $18 {[%mdl 512] White wants to mate with Rf6+.} Rc1+ (37... Rxf7 38. Rxg6+) 38. Rf1 Rxf1+ 39. Qxf1 {[%mdl 4096] Endgame KQR-KQR} Qg3 {[#]} 40. Qf2 $1 {[%cal Rf2g3]} Qxf2+ 41. Kxf2 {KR-KR} Kf5 {[#]} (41... Rf7+ {is a better defense.} 42. Ke2 Kf6) 42. Rf8+ $1 Ke6 43. Kf3 Rc7 44. g4 hxg4+ 45. hxg4 ({Don't do} 45. Kxg4 $6 Rc2 $16) 45... Ke7 (45... Rc2 $142 46. Re8+ Kd7) 46. Rg8 Kf6 47. Kf4 Rc2 48. Rf8+ Ke6 {Hoping for ...Rf2+.} 49. Kg5 Rxa2 50. Kxg6 Rb2 (50... a5 $142 51. Rf6+ Kd7 52. Rf7+ Kc6 53. Rf6+ Kd7 54. Rf7+ Kd6 55. Rxb7 Re2 56. Rb6+ Ke7) 51. g5 Rxb3 $2 (51... a5 52. Re8+ Kd6) 52. Re8+ Kd6 53. Kf7 Rb1 54. Re6+ Kd7 55. g6 Rg1 56. Rf6 {White mates.} a5 57. g7 Rxg7+ 58. Kxg7 a4 59. Rb6 Kc7 60. Rb4 {Accuracy: White = 60%, Black = 35%.} 1-0

[Event "Sarajevo-ch 2019"]
[Site "Sarajevo"]
[Date "2019.03.12"]
[Round "1.2"]
[White "Mrndjic, Muamer"]
[Black "Kozarcanin, Sead"]
[Result "1-0"]
[WhiteElo "2246"]
[BlackElo "2005"]
[Annotator "TA"]
[PlyCount "61"]
[EventDate "2019.03.12"]
[EventType "tourn"]
[EventCountry "BIH"]
[SourceTitle "playchess.com"]
[Source "ChessBase"]
[SourceQuality "1"]

{[%evp 17,61,16,11,15,10,9,32,39,37,41,139,131,118,145,170,151,201,197,204,195,226,218,256,245,237,254,227,293,253,221,209,213,209,202,191,174,155,123,391,362,483,479,717,704,29989,29990]} 1. d4 d5 2. c4 c6 3. Nc3 Nf6 4. Nf3 a6 5. e3 b5 6. b3 Bg4 7. h3 Bxf3 8. Qxf3 e6 9. c5 {D15: Slav Defence: 4 Nc3 a6 and gambit lines after 4 Nc3 dxc4} (9. Bd2 Bb4 10. Qd1 O-O 11. Be2 bxc4 12. bxc4 c5 13. O-O cxd4 14. Nxd5 Nxd5 15. cxd5 Bxd2 16. Qxd2 dxe3 17. Qxe3 exd5 {½-½ (29) Hracek,Z (2612)-Movsesian,S (2680) Minsk 2017}) 9... Nbd7 {LiveBook: 6 Games} 10. Bd3 e5 {And now ...b4 would win.} 11. Qd1 {The position is equal.} e4 12. Be2 g6 13. O-O b4 $146 ({Better is} 13... Qc7 $14) ({Predecessor:} 13... Bg7 14. Bd2 a5 15. a3 O-O 16. b4 a4 {½-½ (47) Bertrand,F (2279)-Franca,R (2215) France 2007}) 14. Na4 $16 Bg7 15. Bd2 {[%cal Bc1d2,Bd2b4,Bb4c5][%mdl 32]} a5 16. a3 Qb8 17. axb4 axb4 18. Qe1 h5 19. Bxb4 Ra7 20. Nb6 Rxa1 21. Qxa1 Nxb6 22. cxb6 Qxb6 23. Bc5 Qb7 24. Qa3 Nd7 25. Bd6 f5 26. Ra1 Kf7 27. Qa6 Qc8 $2 {[%mdl 8192] [#]} (27... Qxa6 $16 {keeps fighting.} 28. Rxa6 Bf8) 28. Qa7 $18 Ke6 29. Bh2 Bf8 (29... Rf8 $142 30. Ba6 Qd8) 30. Ba6 Qa8 31. Qxa8 {Precision: White = 98%, Black = 27%.} 1-0

[Event "Sarajevo-ch 2019"]
[Site "Sarajevo"]
[Date "2019.03.12"]
[Round "1.3"]
[White "Hadzovic, Amir"]
[Black "Halilovic, Fahrudin"]
[Result "1-0"]
[WhiteElo "2255"]
[BlackElo "2053"]
[Annotator "TA"]
[PlyCount "149"]
[EventDate "2019.03.12"]
[EventType "tourn"]
[EventCountry "BIH"]
[SourceTitle "playchess.com"]
[Source "ChessBase"]
[SourceQuality "1"]

{[%evp 9,149,0,7,0,0,-41,-22,-41,-42,-44,-22,-23,-22,-29,-19,-15,-14,-20,-14,-55,-41,-61,-58,-80,-68,-72,-79,-62,-62,-67,-62,-53,27,-6,0,0,20,34,46,39,145,138,245,240,386,375,387,382,395,379,359,0,36,45,519,518,518,504,421,114,122,0,0,0,0,0,0,0,0,0,0,0,0,-1259,-1255,-1214,-1177,-1107,-987,-1893,10,10,80,80,80,80,80,55,65,86,89,89,120,80,87,80,79,81,75,0,0,0,0,0,227,205,207,205,212,114,4796,405,322,0,302,223,223,223,231,0,0,0,0,0,0,0,0,0,0,2,61,68,83,83,101,75,83,83,29979,105,29981,29982]} 1. d4 Nf6 2. Nc3 d5 3. Bf4 g6 (3... e6 4. Nb5 Na6 5. e3 Be7 6. Nf3 O-O 7. Bd3 c6 8. Nc3 Nb4 9. h3 Nxd3+ 10. cxd3 b6 11. O-O Bb7 {0-1 (40) Rapport,R (2731)-Giri,A (2783) Wijk aan Zee 2019}) 4. e3 Bg7 5. h4 h5 6. Nf3 {D00: 1 d4 d5: Unusual lines} O-O 7. Bd3 c5 8. O-O $146 {The position is equal.} ({Predecessor:} 8. Ne5 Nc6 9. Nxc6 bxc6 10. Be5 cxd4 11. exd4 {½-½ (38) Pandey,S (1825)-Vantika,A (2210) New Delhi 2018}) 8... Bg4 9. Be2 cxd4 10. exd4 Nc6 11. Ne5 Bxe2 12. Nxe2 Nxe5 13. Bxe5 Ne4 14. f3 Nd6 15. Bxg7 Kxg7 16. Qd3 e6 17. g3 $1 Rc8 18. c3 Nf5 19. Kg2 Qd6 20. Rh1 f6 ({Black should play} 20... Rh8 $15) 21. Nf4 e5 22. Nxh5+ $1 Kf7 23. dxe5 fxe5 24. g4 e4 (24... Rg8 $14 25. Raf1 d4 26. cxd4 Rc2+ 27. Rf2 Rxf2+ 28. Kxf2 Nxd4) 25. fxe4 $16 gxh5 (25... dxe4 $16 26. Qxd6 (26. Qxe4 Rfe8 $11) 26... Nxd6) 26. Raf1 $18 {[%mdl 64] Pin} (26. gxf5 Rg8+ 27. Kh3 Qf4 $11) (26. exf5 $6 Rc4 $16) (26. exd5 Ne7 $15) 26... Ke7 (26... Kg7 {was called for.}) 27. exf5 (27. Rxf5 Rxf5 28. exf5 Qe5 $18) 27... Rc4 28. g5 Rg4+ 29. Kh3 Rc8 30. b3 $2 ({White must play} 30. Rfg1 $18) 30... Kf8 31. Rhg1 Re4 $2 {[%mdl 8192]} (31... d4 $14 32. Rxg4 Rxc3) 32. Rg3 Qe5 33. Qf3 Rg4 34. Rfg1 $2 (34. c4 $1 $18 {is the precise move to win.}) 34... Rf4 $16 35. Qxh5 ({White has to play} 35. Qd3 $16) 35... Qxf5+ $11 36. Kh2 Kg8 37. R1g2 Qe4 38. Rh3 Qe5 39. Rhg3 Rxc3 40. Qg6+ Kf8 41. Qh6+ $2 {[%mdl 8192]} (41. Kh3 $11) 41... Ke7 $19 42. Qh7+ Rf7 43. Qh5 Rff3 {[%cal Rf3g3]} 44. Qg4 d4 $2 (44... Rf4 $1 $19 {[%cal Rf4g4]} 45. Qh3 Rxg3 46. Qxg3 Rxh4+ 47. Kg1 Qd4+ 48. Kf1 Kd7) 45. g6 $1 $11 {[%cal Rg6g7]} Rxg3 (45... Rf4 $1 $11 46. Re2 Re3 47. Qg5+ Qxg5 48. Rgxe3+ dxe3 49. hxg5 Kf8) 46. Rxg3 $16 Rxg3 47. Qxg3 $11 {[%mdl 4096] Endgame KQ-KQ} Qe2+ 48. Kh3 Qe6+ 49. Kg2 $1 Qe2+ 50. Kg1 d3 51. g7 Qd1+ 52. Kh2 Qe2+ 53. Kh3 Qe6+ {[#]} 54. Qg4 (54. Kg2 $1 $16 Qe2+ 55. Kh3 Qe6+ 56. Kh2 Qe2+ 57. Kh3) 54... Qe3+ 55. Kg2 Qd2+ 56. Kg3 Qe3+ $2 {[#]} (56... Qe1+ $1 $11 57. Kg2 Qd2+ 58. Kh3 (58. Kf1 Qc1+ 59. Kg2 Qd2+ $16) 58... Qe3+ 59. Qg3 (59. Kg2 Qd2+ $16) 59... Qe6+ 60. Kg2 Qe2+ 61. Qf2 Qg4+ 62. Qg3 Qe2+ 63. Kh1 Qf1+ 64. Kh2 Qe2+ 65. Kh3 Qe6+) 57. Qf3 $1 $18 {[%cal Rf3e3]} Qg1+ 58. Kh3 {Strongly threatening Qf8+.} Qxg7 {With the idea ...Qd4.} 59. Qxd3 (59. Qxb7+ $18 Kf8 60. Qc8+ Kf7 61. Qf5+ Qf6 62. Qxd3) 59... Ke8 $2 {[%mdl 8192]} (59... Qa1 $16 60. Qe4+ Kf6 61. Qf4+ (61. Qxb7 Qc3+ 62. Kg2 Qd2+ 63. Kh1 Qe1+ 64. Kg2 Qd2+ 65. Kh3 Qe3+ 66. Kh2 Qe5+ 67. Kh3 Qe6+ 68. Kg2 Qe2+ 69. Kh1 Qe1+ 70. Kg2 Qe2+ 71. Kh1 Qe1+ $11) 61... Kg7 62. Qg4+ Kh6) 60. Qe3+ (60. Qb5+ $142 Kf8 61. Qc5+ Kg8 62. Qd5+ (62. Qxa7 Qd7+ 63. Kg3 Qd3+ 64. Kf4 Qf1+ 65. Ke5 Qe2+ 66. Kf4 Qf1+ 67. Ke5 Qe2+ 68. Kf4 Qf1+ $16) 62... Kf8 63. Qd8+ Kf7 64. Qd7+ Kg8 65. Qxg7+ Kxg7 66. h5) 60... Kd7 61. Qd3+ $2 ({Weaker is} 61. Qxa7 Qc3+ 62. Kg4 Qg7+ 63. Kf3 Qf7+ 64. Ke2 Qh5+ 65. Kd2 Qd5+ 66. Kc3 Qf3+ 67. Kb4 Qe4+ 68. Ka3 Qe7+ 69. b4 Qe4 $18) (61. h5 $18) 61... Kc8 $2 {[%mdl 8192]} (61... Ke8 $1 $11 {and Black stays safe.}) 62. Qc4+ Kb8 63. Qf4+ Ka8 64. Qg5 $2 (64. h5 $18) 64... Qd7+ $11 65. Kg3 {White wants to mate with Qg8+.} a6 66. h5 {Black must now prevent h6.} Qd3+ 67. Kf4 {h6 is the strong threat.} Qd4+ 68. Kf5 {And now h6 would win.} Qd3+ 69. Ke6 {Hoping for h6.} Qe4+ (69... Qe2+ $11 70. Kf6 Qb2+ 71. Kg6 Qxa2) 70. Qe5 Qc6+ 71. Ke7 {Threatens to win with Qg5.} Qh6 72. Qf5 Qe3+ 73. Kf7 {aiming for Qf6.} Qh6 $2 {[%mdl 8192]} (73... Qd2 $16 74. Qc8+ Ka7 75. Qc5+ Ka8 76. Qf8+ Ka7) 74. Kg8 $2 (74. Qc8+ {mates} Ka7 75. Qc5+ Qb6 76. Qxb6+ Kxb6 77. h6 Kc5 78. h7 Kb4 79. h8=Q) 74... Ka7 $2 {[%mdl 8192]} (74... Qd2 $16 75. Qf8+ Ka7) 75. Qc5+ {Accuracy: White = 42%, Black = 49%.} 1-0

[Event "Sarajevo-ch 2019"]
[Site "Sarajevo"]
[Date "2019.03.12"]
[Round "1.4"]
[White "Sitnic, Ahmed"]
[Black "Dizdarevic, Emir"]
[Result "0-1"]
[WhiteElo "1841"]
[BlackElo "2430"]
[Annotator "TA"]
[PlyCount "32"]
[EventDate "2019.03.12"]
[EventType "tourn"]
[EventCountry "BIH"]
[SourceTitle "playchess.com"]
[Source "ChessBase"]
[SourceQuality "1"]

{[%evp 9,32,0,10,10,4,0,-8,-8,-13,-15,-12,-13,-10,-13,-18,-31,-38,-37,-33,-171,-181,-158,-179,-696,-686]} 1. d4 Nf6 2. Nf3 b6 3. Bf4 Bb7 4. e3 Nh5 (4... e6 5. c4 Bb4+ 6. Nfd2 O-O 7. a3 Be7 8. Nc3 c5 9. d5 d6 10. e4 Nbd7 11. Be2 Ne8 12. O-O Bf6 13. Bg3 Bxc3 14. bxc3 e5 15. a4 a5 16. Nb1 Bc8 {0-1 (57) Grachev,B (2626)-Duda,J (2738) St Petersburg 2018}) 5. Bg3 Nxg3 6. hxg3 {A47: 1 d4 Nf6 2 Nf3 b6: Torre, London and Colle Systems} g6 7. Nbd2 Bg7 8. Bd3 {The position is equal.} d5 9. Qe2 Nd7 10. Ba6 $146 ({Predecessor:} 10. c3 a5 11. e4 a4 {½-½ (19) Baur,H (1779)-Lekakh,M (1896) Niedrhausen 2016}) 10... Bxa6 11. Qxa6 c5 12. c3 O-O 13. Qb7 e6 14. O-O-O {[#]} (14. g4 $15) 14... Rb8 $1 $19 {[%cal Rb8b7]} 15. Qc6 b5 16. Nb3 $2 (16. dxc5 b4 17. cxb4) 16... Rb6 {[%mdl 64] Trapped Piece. Accuracy: White = 13%, Black = 100%.} 0-1

[Event "Sarajevo-ch 2019"]
[Site "Sarajevo"]
[Date "2019.03.12"]
[Round "1.5"]
[White "Terzic, Ilijas"]
[Black "Burovic, Rijad"]
[Result "0-1"]
[WhiteElo "2137"]
[BlackElo "2340"]
[Annotator "TA"]
[PlyCount "118"]
[EventDate "2019.03.12"]
[EventType "tourn"]
[EventCountry "BIH"]
[SourceTitle "playchess.com"]
[Source "ChessBase"]
[SourceQuality "1"]

{[%evp 9,118,0,-2,-29,-25,-31,-21,-21,-25,-18,-19,-33,-30,-33,-7,-14,-4,-14,-23,-16,-13,-18,-6,-39,-29,-59,-50,-58,-23,-74,-73,-107,-64,-75,-83,-95,-101,-91,10,0,0,0,0,-52,-27,-31,-42,-50,-8,0,0,0,17,-18,14,18,50,0,0,-74,0,-11,8,-22,-9,-22,0,-41,-24,-28,-10,-36,-32,-131,0,-36,0,-11,0,0,0,0,0,0,0,0,11,0,0,0,4,6,9,0,5,5,5,6,5,0,1,0,6,0,0,0,0,0,0,0,-6]} 1. d4 d6 2. Nf3 g6 3. e4 Nf6 4. e5 (4. Nc3 Bg7 5. Be2 O-O 6. O-O a6 7. h3 b5 8. e5 Nfd7 9. exd6 cxd6 10. Re1 Bb7 11. Bf1 Nf6 12. Bg5 Nbd7 13. a3 h6 14. Bf4 Nb6 15. Nh2 {0-1 (35) Wang,H (2730)-Andreikin,D (2719) St Petersburg 2018}) 4... dxe5 5. Nxe5 Nbd7 6. f4 {B06: Modern Defence} (6. Nc4 {keeps more tension.} Bg7 7. Be2 O-O 8. O-O c6 9. a4) 6... Bg7 7. Bc4 O-O 8. O-O c5 9. c3 $146 ({Predecessor:} 9. Nxf7 Rxf7 10. Bxf7+ Kxf7 11. f5 Qb6 12. fxg6+ hxg6 13. dxc5 Qxc5+ 14. Kh1 Ne5 15. Nc3 Bf5 {0-1 (34) Hatamov,B (1625)-Asgarizadeh,A (2424) Urmia 2015}) 9... Qc7 10. Nd2 e6 11. Qe2 b6 12. Ndf3 Bb7 13. Be3 Rac8 14. Rac1 Nd5 15. Bd2 N7f6 16. Kh1 Nh5 17. Ng5 Qe7 18. Nh3 Rfd8 19. Bb3 (19. dxc5 $11 Rxc5 20. Nxf7) 19... h6 20. a3 Ndf6 21. Be3 Ne4 22. Kg1 {White wants to play f5.} cxd4 23. Bxd4 {[#]} Kh7 ({Black should play} 23... Nxf4 $1 $17 {[%mdl 512]} 24. Nxf4 (24. Rxf4 Rxd4) 24... Bxe5) 24. Bc2 $11 Nhf6 25. g4 {Hoping for g5.} Nd6 $1 26. Nf2 (26. g5 $11 Nfe4 27. gxh6 Bxe5 28. Bxe5 (28. fxe5 Ng5 $17)) 26... Ba8 27. Nh1 Nfe4 {And now ...Bxe5 would win.} 28. Ng3 {[%cal Rg3e4]} Nxg3 29. hxg3 Qb7 {Threatens to win with ...Qh1+.} 30. Kh2 Kg8 31. Rce1 Nb5 (31... Nc4 $5) 32. Be3 $1 (32. Nxf7 $2 Qxf7 33. Bxg7 Kxg7 $17) 32... Nc7 33. Nf3 (33. Nxf7 {feels hotter.} Kxf7 34. f5 Rf8 35. f6 Bxf6 36. Bxh6 Kg8 37. Bxf8 Rxf8 38. Bxg6 Qd5 39. Be4) 33... Ne8 34. Bd3 (34. Ne5 $11 {keeps the balance.}) 34... Qe7 ({Black should try} 34... Nf6 $17 35. g5 Ng4+ 36. Kh3 e5 37. Kxg4 e4 38. Bxe4 Qxe4) 35. Rd1 Rd6 36. Bc2 Rcd8 37. Rxd6 Rxd6 38. Rd1 Qb7 39. Rf1 Nf6 40. Ne5 Rd5 {White must now prevent ...Rxe5!} 41. Bd4 {[#]} (41. Kh3 $15) 41... Rd8 ({Better is} 41... Nxg4+ $1 $17 {[%mdl 512]} 42. Kh3 (42. Qxg4 $2 Rxe5 43. Qf3 Qxf3 $19) 42... Nxe5 43. fxe5 Ra5) 42. Bd3 Ne8 43. Ba6 {The position is equal.} Qc7 44. Bd3 Qb7 45. Ba6 Qc7 46. Bd3 Nf6 47. g5 Nd5 48. gxh6 Bxh6 49. Be4 Bg7 50. Rd1 Qc8 51. Nf3 Ne7 (51... Nf6 {is interesting.} 52. Bxf6 Rxd1 53. Bxg7 Bxe4 54. Qxd1 Bxf3 55. Qxf3 Kxg7 56. Qe3 Qh8+) 52. Bxa8 Qxa8 53. Bxg7 Kxg7 54. Rxd8 Qxd8 55. Qe5+ Kg8 56. Nd4 Nf5 57. Nxf5 {[%csl Gf5][%cal Re5g7]} Qd2+ 58. Kh3 {[%csl Gf5][%cal Re5g7]} gxf5 59. b4 Qc1 {[%mdl 32768] Accuracy: White = 46%, Black = 55%. . Loss on time!?} 0-1

[Event "Sarajevo-ch 2019"]
[Site "Sarajevo"]
[Date "2019.03.13"]
[Round "2.1"]
[White "Kurtcehajic, Suad"]
[Black "Burovic, Rijad"]
[Result "0-1"]
[WhiteElo "1982"]
[BlackElo "2340"]
[Annotator "TA"]
[PlyCount "168"]
[EventDate "2019.03.12"]
[EventType "tourn"]
[EventCountry "BIH"]
[SourceTitle "playchess.com"]
[Source "ChessBase"]
[SourceQuality "1"]

{[%evp 22,168,62,51,64,31,64,65,75,59,72,69,80,58,62,55,63,58,67,35,47,29,37,32,103,97,87,45,89,56,56,61,89,41,71,20,20,20,20,20,20,20,29,20,31,0,0,0,20,0,22,0,8,-13,0,0,0,-6,-6,-6,-6,-6,0,-6,0,-52,-52,-52,0,-2,0,0,0,0,0,0,0,0,0,0,0,0,0,-75,-38,0,-23,-321,-323,-319,-312,-326,-212,-212,-172,-234,-172,-172,-172,-393,-347,-344,-366,-981,-945,-2379,-2218,-2813,-760,-629,-699,-718,-720,-1275,-1197,-2389,-1738,-6844,-6632,-2598,-2473,-1636,-1044,-1233,-1221,-1083,-1510,-1629,-1430,-2825,-2728,-2259,-1952,-29989,-29990,-29990,-29991,-29992,-29993,-29993,-29991,-29991,-29992,-29993,-29994,-29995,-29996,-29996,-29997]} 1. e4 c6 2. d4 d5 3. exd5 cxd5 4. Bd3 Nc6 5. c3 Nf6 6. Bf4 g6 7. Nd2 Bg7 8. Ngf3 O-O 9. O-O Bf5 10. Bxf5 gxf5 11. Ne5 e6 12. Re1 Ne4 {B13: Caro-Kann: Exchange Variation and Panov-Botvinnik Attack} (12... Kh8 13. Re3 Nxe5 14. Bxe5 Rg8 15. Rg3 Nd7 16. Nf3 Bxe5 17. dxe5 Rc8 18. Qe2 a6 19. Re1 Nc5 20. Nd4 {0-1 (42) Matinian,N (2495)-Popov,I (2596) Sochi 2016}) 13. Qh5 {Strongly threatening Nxe4.} f6 14. Nxc6 bxc6 {White is slightly better.} 15. f3 $146 ({Predecessor:} 15. Nb3 e5 16. Bc1 f4 17. f3 Ng5 18. Nc5 Qe8 19. Qg4 Qg6 20. Kh1 {0-1 (39) Gallagher,J (2325)-Ravikumar,V (2370) London 1986}) 15... Nxd2 16. Bxd2 Qd7 17. f4 Qf7 18. Qe2 (18. Qh3 {keeps more tension.} Rfe8 19. Rac1 a5 20. b3 Qd7 21. Qg3) 18... Rfe8 19. Qd3 Qd7 20. Rf1 a5 21. b3 a4 22. b4 Qb7 ({Black should try} 22... e5 $1 $14) 23. Rf3 $16 Qb5 24. Raf1 Rf8 25. Re1 Qxd3 26. Rxd3 Kf7 27. Re2 Rg8 {[#]} 28. Be1 (28. c4 $1 $16 {[%mdl 512]}) 28... Bf8 $11 29. Rde3 Re8 30. Bg3 Bd6 31. Kf2 Rg4 32. h3 Rg6 33. Bh2 h5 34. Kf1 Bf8 35. Rf3 Ke7 36. Ke1 Kd7 37. Kd1 Bd6 38. Kc2 Reg8 39. Rff2 Kc7 40. Kb2 Kb6 41. Kc2 Kb5 42. Kd3 h4 43. Ke3 ({Better is} 43. Kd2 $11) 43... Kc4 $15 44. Kd2 Re8 45. Rf3 Bf8 46. Ke1 Bh6 47. Kf1 Rg7 48. Rfe3 Rge7 49. Rf3 Bg7 50. Rfe3 Bf8 51. Ke1 Bh6 52. Kd1 (52. Rf3 $1 $11) 52... Rg8 53. Ke1 {[#]} e5 $1 {[%mdl 512]} 54. Rf3 $2 {[%mdl 8192]} (54. dxe5 $11 {and White has nothing to worry.} fxe5 55. Rxe5 Rxe5 56. fxe5) 54... e4 $19 55. Rfe3 Reg7 56. Kf1 Rg6 57. Rb2 Bf8 58. Kg1 (58. Rc2 $142) 58... Bd6 59. Kf1 R6g7 60. Kg1 $2 (60. Rc2) 60... Rg3 61. Bxg3 Rxg3 ({Weaker is} 61... hxg3 62. b5 $15) 62. Rxg3 $2 (62. Kf2 Bxf4 63. Rxg3 Bxg3+ 64. Ke2 Kxc3 65. Rb1) 62... hxg3 {[%mdl 4096] Endgame KR-KB} 63. Rb1 Kd3 64. Kf1 Kc2 (64... Bxf4 $142 65. Rd1+ Bd2) 65. Re1 Kd2 66. Re2+ Kxc3 67. Re3+ Kd2 68. Re2+ Kd3 69. a3 Bxf4 70. h4 Bd2 71. h5 Bg5 72. Rb2 Kxd4 73. b5 cxb5 74. Rxb5 Kc4 75. Rb4+ Kc3 76. Rxa4 d4 {( -> ...d3)} 77. Ra5 Kd2 {Black mates.} 78. Rb5 d3 79. Rb1 e3 80. Rb2+ Kc1 81. Ra2 Kb1 {[%mdl 64] Trapped Piece} 82. Re2 d2 83. Re1+ Kc2 84. a4 d1=Q {[%mdl 64] Back Rank, Promotion. Accuracy: White = 41%, Black = 62%.} 0-1

[Event "Sarajevo-ch 2019"]
[Site "Sarajevo"]
[Date "2019.03.13"]
[Round "2.2"]
[White "Dizdarevic, Emir"]
[Black "Terzic, Ilijas"]
[Result "1-0"]
[WhiteElo "2430"]
[BlackElo "2137"]
[Annotator "TA"]
[PlyCount "43"]
[EventDate "2019.03.12"]
[EventType "tourn"]
[EventCountry "BIH"]
[SourceTitle "playchess.com"]
[Source "ChessBase"]
[SourceQuality "1"]

{[%evp 9,43,2,7,10,16,0,25,15,23,3,28,12,0,-5,22,11,17,17,22,28,35,19,146,138,142,136,158,149,157,172,157,146,161,173,191,178]} 1. Nf3 Nf6 2. b3 d5 3. Bb2 Bg4 4. d4 (4. e3 e6 5. d3 Be7 6. h3 Bxf3 7. Qxf3 O-O 8. g3 a5 9. a4 Bb4+ 10. c3 Bd6 11. Bg2 Nbd7 12. O-O Qe7 {1-0 (32) Nakamura,H (2746)-Sargissian,G (2689) St Petersburg 2018}) 4... e6 5. Nbd2 Be7 6. e3 {A06: Réti Opening:1 Nf3 d5} O-O 7. c4 c5 $146 ({Predecessor:} 7... Nbd7 8. Be2 c5 9. O-O Rc8 10. Rc1 Qa5 11. a4 Rfd8 12. cxd5 exd5 13. dxc5 {0-1 (41) Stefanides,K (1539)-Druska,R (1921) Oravska Priehrada 2016}) 8. dxc5 {White has an edge.} Bxc5 9. a3 a5 10. Qc2 Nbd7 11. cxd5 exd5 12. Bd3 Rc8 {[#] White must now prevent ...Bxe3!} 13. Qb1 Bd6 14. O-O Qe7 15. Bf5 g6 (15... Bxf5 $11 {remains equal.} 16. Qxf5 Rfe8) 16. Bxf6 $1 $16 {White is clearly better.} Nxf6 17. Bxc8 Bxc8 18. Qb2 Bd7 19. b4 axb4 20. axb4 Bb5 21. Rfc1 Ne4 22. Ra5 {Accuracy: White = 57%, Black = 41%.} 1-0